Arctic Monkeys Albums - Statistics

General Stats
  • This quiz has been taken 45 times
  • The average score is 53 of 80
Answer Stats
Answer % Correct
Do I Wanna Know?
88%
R U Mine?
88%
505
85%
A Certain Romance
85%
Arabella
85%
Teddy Picker
85%
Knee Socks
82%
Mardy Bum
82%
Cornerstone
79%
Crying Lightning
79%
Dancing Shoes
79%
Fireside
79%
I Bet You Look Good On The Dancefloor
79%
I Wanna Be Yours
79%
Suck It and See
79%
Fake Tales Of San Francisco
76%
Fluorescent Adolescent
76%
No. 1 Party Anthem
76%
One For The Road
76%
The View From The Afternoon
76%
Brianstorm
74%
D is for Dangerous
74%
From The Ritz To The Rubble
74%
Mad Sounds
74%
Perhaps Vampires Is A Bit Strong But...
74%
Snap Out Of It
74%
The Car
74%
The Ultracheese
74%
Tranquility Base Hotel & Casino
74%
When The Sun Goes Down
74%
Why'd You Only Call Me When You're High?
74%
Balaclava
71%
Do Me A Favour
71%
I Want It All
71%
Old Yellow Bricks
71%
Only Ones Who Know
71%
Riot Van
71%
Don't Sit Down 'Cause I've Moved Your Chair
68%
Four Out Of Five
68%
Pretty Visitors
68%
Red Light Indicates Doors Are Secured
68%
Star Treatment
68%
This House is a Circus
68%
Body Paint
65%
My Propeller
65%
Secret Door
65%
The Jeweller's Hands
65%
There'd Better Be A Mirrorball
65%
Piledriver Waltz
62%
Potion Approaching
62%
She Looks Like Fun
62%
Still Take You Home
62%
Batphone
59%
Dance Little Liar
59%
Dangerous Animals
59%
Fire And The Thud
59%
If You Were There, Beware
59%
The Bad Thing
59%
American Sports
56%
Black Treacle
56%
Brick By Brick
56%
Love is a Laserquest
56%
One Point Perspective
56%
She's Thunderstorms
56%
You Probably Couldn't See For The Lights But You Were Staring Straight At Me
56%
The World's First Ever Monster Truck Front Flip
53%
Library Pictures
50%
The Hellcat Spangled Shalalala
50%
All My Own Stunts
47%
Golden Trunks
47%
I Ain't Quite Where I Think I Am
47%
Jet Skis On The Moat
47%
Reckless Serenade
47%
Science Fiction
47%
Hello You
44%
Sculptures Of Anything Goes
44%
That's Where You're Wrong
44%
Big Ideas
41%
Mr. Schwartz
38%
Perfect Sense
38%
No matching quizzes found
Score Distribution
Percent of People with Each Score
Percentile by Number Answered
Your Score History
You have not taken this quiz